Half Ton Man (Record no. 335044)
[ view plain ]
| 000 -LEADER | |
|---|---|
| fixed length control field | 00513nam a2200097Ia 4500 |
| 008 - FIXED-LENGTH DATA ELEMENTS--GENERAL INFORMATION | |
| fixed length control field | 170517s9999 xx 000 0 und d |
| 245 ## - TITLE STATEMENT | |
| Title | Half Ton Man |
| 300 ## - PHYSICAL DESCRIPTION | |
| Extent | Weighing the same as five baby elephants and a shade less than a Mini Cooper, Patrick Deuel is one of the heaviest men ever and a medical miracle. His heart and other organs should have collapsed long before he reached his record-breaking weight of 76 stone 8lbs. A... |
| 650 ## - SUBJECT ADDED ENTRY--TOPICAL TERM | |
| General subdivision | Technology. |
| 856 ## - ELECTRONIC LOCATION AND ACCESS | |
| Uniform Resource Identifier | <a href="http://topdocumentaryfilms.com/half-ton-man/">http://topdocumentaryfilms.com/half-ton-man/</a> |
| Withdrawn status | Lost status | Damaged status | Home library | Current library | Date acquired | Total Checkouts | Date last seen | Price effective from | Koha item type |
|---|---|---|---|---|---|---|---|---|---|
| College Library | College Library | 05/17/2017 | 05/17/2017 | 05/17/2017 | Documentary Films |